00771nam a2200181Ia 450000500170000000800410001705000170005810000370007524500950011226000330020730000180024033700100025833800140026844000510028250000950033365000930042870000680052120231102151232.0120630s 2003mx 000 0 spa d aKGF5936bG65 aGONZALEZ ESTRADA, Hector.eautor00aNaturaleza jurídica de la justicia de menores infractoresc/ Héctor González Estrada aMéxicob : Incijac , 2003 a262 páginas atexto asin medio a(Colección Reflexiones Jurídicas ; vol. 5) aPlan Flexible Derecho / Sistema De Justicia Penal Para Adolescentes (P27-1) / (19 000615) aAdministracion de justicia penal - Mexico\Administracion de justicia de menores - Mexico aGONZALEZ BARRERA, Enrique, coaut.\BACA RIVERA, Arturo, prol.Ì